A performer's guide to baroque music

Wedi'i Gadw mewn:
Manylion Llyfryddiaeth
Prif Awdur: Donington, Robert (Awdur)
Fformat: Llyfr
Iaith:Saesneg
Cyhoeddwyd: Londres Faber and Faber 1973
Pynciau:
Tagiau: Ychwanegu Tag
Dim Tagiau, Byddwch y cyntaf i dagio'r cofnod hwn!

MARC

LEADER 00000nam a2200000 a 4500
001 UCN2741
003 CL-VaPUC
005 20231109103658.0
008 010531e19730000UK |||||||||||||||||eng|d
999 |c 295796  |d 295794 
040 |c Pontificia Universidad Católica de Valparaíso 
082 0 4 |a 781.4609032 DON 1973  |2 21 
100 0 |a Donington, Robert  |e author  |9 458896 
245 1 2 |a A performer's guide to baroque music 
260 |a Londres  |b Faber and Faber  |c 1973 
300 |a 320 p 
583 |a last modification  |c 20010531 00:00:00  |k Rodrigo Vera 
650 0 |a Interpretación musical  |9 458698 
650 0 |a Música barroca  |9 306256 
650 0 |a Elementos musicales  |9 306544 
650 0 |a Teoría musical  |9 265760 
942 |c BK  |2 ddc 
945 |d 20010531 00:00:00  |a crobeson 
952 |0 0  |1 0  |2 ddc  |4 0  |6 781_460903200000000_DON_1973  |7 0  |8 A  |9 349149  |a BIBEDU  |b BIBEDU  |d 2019-11-20  |i 1186051  |o 781.4609032 DON 1973  |p 1186051  |r 2023-01-12  |w 2019-11-20  |y BK  |k MUS